000 00471nam a2200133Ia 4500
008 100328s9999 xx 000 0 und d
082 _b60281
100 _aपिंगळे मंदाकिनी
245 _aसुविचारांवरुन निबंध
260 _bगं्रथाली.
630 _aसुविचारांवरुन निबंध
730 _aसुविचारांवरुन निबंध
942 _cBOOK
999 _c546443
_d546440